|
|
|
|
| LEADER |
01209pam a22002658a 4500 |
| 001 |
00025568 |
| 005 |
20171026081022.0 |
| 008 |
110806s2010 ||||||viesd |
| 041 |
0 |
# |
|a vie
|
| 082 |
1 |
4 |
|a 344.597
|b S450T
|
| 245 |
0 |
0 |
|b Hỏi đáp pháp luật về bình đẳng giới - hôn nhân gia đình và phòng chống bạo lực gia đình - bảo vệ và chăm sóc trẻ em
|c Thu Huyền, Ái Phương sưu tầm và hệ thống hóa
|a Sổ tay công tác phụ nữ trong thời kỳ mới - vấn đề an toàn và tiến bộ của phụ nữ
|
| 260 |
# |
# |
|a H.
|b Lao động
|c 2010
|
| 300 |
# |
# |
|a 463 tr.
|c 27 cm.
|
| 500 |
# |
# |
|a Ngoài bìa ghi : Hội liên hiệp phụ nữ Việt Nam
|
| 650 |
# |
4 |
|a Bình đẳng giới
|
| 650 |
# |
4 |
|a Bạo lực gia đình
|
| 650 |
# |
4 |
|a Phụ nữ
|
| 650 |
# |
4 |
|a Pháp luật
|
| 700 |
1 |
# |
|a Thu Huyền
|e st
|
| 700 |
1 |
# |
|a Ái Phương
|e st
|
| 852 |
# |
# |
|b Kho mượn
|j KM.0011315
|
| 852 |
# |
# |
|j KD.0010483
|j KM.0011315
|
| 852 |
# |
# |
|b Kho đọc
|j KD.0010483
|
| 910 |
|
|
|d 06/08/2011
|
| 980 |
# |
# |
|a Trung tâm Học liệu Lê Vũ Hùng, Trường Đại học Đồng Tháp
|